000 00495nam a2200193 a 4500
001 1769174371755
003 YourLibrary
005 20260127164447.0
008 260123s2004##################000#0#eng##
020 _a9780262621823
082 0 4 _a330.9477
_bLEG
100 1 _aDoets, Kees,
_eauthor.
245 1 0 _aSwords and Sustenance :
260 _bMit Press,
_c2004.
300 _a266 pages
650 0 _aBusiness & Economics.
942 _cENGLISH
040 _aYourLibrary
_beng
_cYourLibrary
999 _c609149
_d609149